Ajedrez: no te dejes comer #4 - ¡Muerte súbita! - Estadísticas

Estadísticas generales
  • Esta prueba ha sido intentada 91 veces
  • La puntuación promedio es 4 de 7
Answers on the Grid
Answers color-coded by a green-red scale on the quiz's grid according to % correct below.
a8
b8
c8
d8
e8
f8
g8
h8
a7
c7
d7
e7
f7
h7
a6
b6
c6
d6
e6
f6
g6
h6
a5
b5
c5
f5
g5
h5
a4
b4
c4
f4
g4
h4
a3
b3
c3
d3
e3
f3
g3
h3
a2
c2
d2
e2
f2
h2
a1
b1
c1
d1
e1
f1
g1
h1
 
Estadísticas de respuestas
Respuesta % Correcto
a8
82%
h8
65%
a6
56%
c8
53%
h6
53%
f8
47%
h3
38%
No se encontraron pruebas coincidentes
Distribución de puntuación
Porcentaje de gente con cada puntuación
Porcentaje por número respondido
Historial de tus puntuaciones
No has intentado esta prueba.